000 00314nam a2200133Ia 4500
005 20251222144650.0
008 251222s9999||||xx |||||||||||||| ||spa||
020 _a0-582-25421-3
082 _a421/H75/T.1
100 _aHopkins, Andy
245 0 _aLook Ahead Classroom Course:
264 _bLongman
942 _cLIB
999 _c17035
_d17035